00774nam a2200241Ia 450000500170000000800410001702000180005804000360007604100080011210000220012024500780014226000550022030000180027549000460029349000470033965000200038665000240040665000160043065000170044665000160046370000240047976500290050320180221112259.0130821s2011 ag gr spa  a9789872354633 aCo-BoUCMbspac[Nuevo]d[Nuevo]00aspa1 aHeidegger, Martin13aLa historia del sercMartin Heidegger ; traducción de Dina V. Picotti C aBuenos Aires (Argentina)bEl Hilo de Ariadnac2011 a277 páginas0 aBiblioteca internacional Martin Heidegger0 aColección el camino hacia el otro pensar04aFenomenología04aFilosofía alemana04aFilosofía04aMetafísica04aOntología1 aPicotti C., Dina V.0 tDie geschichte des seyns